[Event "NCA-chT Final"]
[Site "Managua"]
[Date "2020.10.25"]
[Round "3.4"]
[White "Araica, Marlon"]
[Black "Ialovoi, Thomas"]
[Result "0-1"]
[WhiteElo "1764"]
[BlackElo "1829"]
[PlyCount "82"]
[EventDate "2020.10.24"]
[EventType "team-tourn"]
[EventRounds "11"]
[EventCountry "NCA"]
[SourceTitle "EXT 2022"]
[Source "ChessBase"]
[SourceDate "2021.10.06"]
[SourceVersion "1"]
[SourceVersionDate "2021.10.06"]
[SourceQuality "1"]

1. e4 c5 2. d4 cxd4 3. Qxd4 Nc6 4. Qe3 g6 5. Nc3 Bg7 6. Bd2 Nb4 7. Bd3 d5 8. exd5 Nxd5 9. Qc5 Nxc3 10. Bxc3 Bxc3+ 11. Qxc3 Nf6 12. 0-0-0 Qb6 13. f3 Be6 14. Kb1 0-0 15. Ne2 Rfd8 16. Nf4 Rac8 17. Qa3 Qd6 18. Qxd6 Rxd6 19. g4 Rcd8 20. Rde1 Bd5 21. g5 Nh5 22. Nxh5 gxh5 23. Rxe7 Bxf3 24. Rf1 Bd5 25. b3 R6d7 26. Rxd7 Rxd7 27. Be2 h4 28. Rf4 h3 29. Bg4 Re7 30. Kb2 Bg2 31. Bf3 Re1 32. Bh5 Rh1 33. Bxf7+ Kg7 34. Be6 Rxh2 35. Rh4 Kg6 36. Bc8 Rh1 37. Rh6+ Kxg5 38. Rxh7 Kg6 39. Rh8 Kg7 40. Rh4 Kf6 41. Rh7 h2 0-1

[Event "NCA-chT final"]
[Site "Managua"]
[Date "2018.11.03"]
[Round "4.2"]
[White "Davila, Carlos"]
[Black "Araica, Marlon"]
[Result "1-0"]
[WhiteElo "2254"]
[BlackElo "1793"]
[PlyCount "57"]
[EventDate "2018.10.27"]
[EventType "team-tourn"]
[EventRounds "11"]
[EventCountry "NCA"]
[SourceTitle "EXT 2020"]
[Source "ChessBase"]
[SourceDate "2019.10.17"]
[SourceVersion "1"]
[SourceVersionDate "2019.10.17"]
[SourceQuality "1"]

1. e4 e5 2. Nf3 Nc6 3. Bb5 a6 4. Ba4 Nf6 5. 0-0 Be7 6. d3 b5 7. Bb3 0-0 8. a4 b4 9. Re1 d6 10. Nbd2 Bg4 11. h3 Be6 12. Bxe6 fxe6 13. Nc4 Qe8 14. c3 Rb8 15. d4 exd4 16. cxd4 Nxe4 17. d5 Qg6 18. dxc6 Nc5 19. Re3 Kh8 20. b3 e5 21. Bb2 Rf5 22. Ncxe5 dxe5 23. Nxe5 Qd6 24. Qg4 Rbf8 25. Nc4 Rg5 26. Nxd6 Rxg4 27. Rxe7 Rg6 28. Nf5 Kg8 29. Re5 1-0

[Event "Managua Hurtado Memorial 15th"]
[Site "Managua"]
[Date "2015.12.30"]
[Round "9"]
[White "Araica, Marlon"]
[Black "Morales, Benjamin"]
[Result "1-0"]
[WhiteElo "1804"]
[BlackElo "1648"]
[PlyCount "61"]
[EventDate "2015.12.26"]
[EventType "swiss"]
[EventRounds "9"]
[EventCountry "NCA"]
[SourceTitle "CBM 170 Extra"]
[Source "ChessBase"]
[SourceDate "2016.02.25"]
[SourceVersion "1"]
[SourceVersionDate "2016.02.25"]
[SourceQuality "1"]

1. d4 Nf6 2. c4 g6 3. Nc3 Bg7 4. e4 d6 5. f3 0-0 6. Be3 c6 7. Bd3 e5 8. Nge2 Nbd7 9. Qd2 Qa5 10. 0-0 Rd8 11. Rab1 Qc7 12. b4 Nf8 13. d5 cxd5 14. cxd5 Qe7 15. Rfc1 Bd7 16. Bb5 a6 17. Bxd7 Qxd7 18. a4 b5 19. a5 Rdc8 20. Nd1 Rxc1 21. Rxc1 Rc8 22. Rc3 Qb7 23. Qc2 Rxc3 24. Qxc3 Ne8 25. Qc6 Qxc6 26. dxc6 Nc7 27. Ndc3 f5 28. Bb6 Nfe6 29. Nd5 Na8 30. c7 Nxb6 31. axb6 1-0